000 00379nam a2200157Ia 4500
008 221030s9999 xx 000 0 und d
020 _a8131724262
041 _aEnglish
100 _aJ. Schiller
245 0 _aMobile Communications
_cby J. Schiller
250 _a2nd
260 _bPearson Edcuation
_aNew Delhi
_c2013
300 _a492
650 _aBE Computer
942 _cBK
999 _c15418
_d15418